000 02701cam a2200301 4500500
005 20260405004043.0
041 _afre
042 _adc
100 1 0 _aCicchelli, Vincenzo
_eauthor
700 1 0 _aOctobre, Sylvie
_eauthor
245 0 0 _aPour l’amour de la K-pop
260 _c2023.
500 _a37
520 _aLe goût des jeunes pour la K-pop est à replacer dans le développement d’un capitalisme esthétique qui a fait de la production de marchandises esthétiques, du marketing et de la consommation de la différence les vecteurs de l’essor d’un consumérisme émotionnel et d’un cosmopolitisme esthético-culturel. Dans ce contexte, cet article interroge la réception française de la K-pop par les jeunes fans, afin de saisir les émotions cosmopolites que celle-ci leur procure et ce à quoi ces émotions leur servent. Après avoir montré dans quelle mesure les caractéristiques de la K-pop favorisent certains attachements entre les fans et leur produit d’élection, cet article (fondé sur des entretiens semi-directifs réalisées auprès 74 jeunes) met en évidence les contours de cet « amour » et ses modes de construction, avant de se pencher sur les formes d’empowerment tirées de cet attachement : se réparer, choisir un lien et réenvisager l’avenir dans un monde global.
520 _aThe taste for K-pop among the youth is part of the development of an aesthetic capitalism that has made the production of aesthetic goods, as well as the marketing and consumption of difference, the drivers of the growth of emotional consumerism and of aesthetic and cultural cosmopolitanism. This article examines the reception of K-pop by young French fans, to gain insight into the cosmopolitan emotions it elicits in them and the purpose these emotions serve. After showing the extent to which the characteristics of K-pop foster specific attachments between fans and their favourite product, the article (based on semi-structured interviews with 74 young people) highlights the main features of this ‘love’ and its construction. It then looks at the forms of empowerment derived from this attachment: repairing oneself, choosing a social bond, and rethinking the future in a global world.
690 _acapitalisme esthétique
690 _aemotions cosmopolites
690 _aempowerment
690 _afans
690 _aK-pop
690 _aaesthetic capitalism
690 _acosmopolitan emotions
690 _aempowerment
690 _afans
690 _aK-pop
786 0 _nRéseaux | 242 | 6 | 2023-12-14 | p. 89-126 | 0751-7971
856 4 1 _uhttps://shs.cairn.info/revue-reseaux-2023-6-page-89?lang=fr&redirect-ssocas=7080
999 _c2073259
_d2073259